000
00289cam a2200109ua 4500
082
_a
828.09
_b
HUD/EN
100
_a
Hudson, Derek .
_9
1820
245
_a
English Critical Essays: Twentieth Century /
260
_a
London :
_b
Oxford University Press ,
_c
1958.
300
_a
363 ; .
942
_c
BK
999
_c
3756
_d
3756